000
00301nam a22001337a 4500
008
170203b xxu||||| |||| 00| 0 eng d
020
_a
9780323057882
041
_a
eng
080
_2
26TH
_a
61
100
_a
3
101
_a
SHM
245
_a
2011 INTRAVENOUS MEDICATIONS
_c
GAHART, B.L
942
_2
udc
_c
BK
999
_c
4464
_d
4464